000 00526nam a2200181Ia 4500
005 20250508153427.0
008 008 250505s9999 xx 000 0 eng d
037 _aBooks to be hide in OPAC
040 _aFEDL
_beng
_cFEDL
041 _aeng
_2eng
084 _a372.21, MAC
_qFEDL
100 _aMackintosh Helen K
_9758518
245 0 _aHow children learn to read
245 0 _cU.S. Department of Health, Education, and Welfare
300 _av,32p.
942 _cHB
_h372.21, MAC
999 _c1342791
_d1342791